La ética en los contenidos mediáticos /

Guardat en:
Dades bibliogràfiques
Autor principal: Aristizábal Uribe, Ana Cristina
Format: Text
Etiquetes: Afegir etiqueta
Sense etiquetes, Sigues el primer a etiquetar aquest registre!

MARC

LEADER 00000 a a2200000 04500
001 46677
003
040
100 |a Aristizábal Uribe, Ana Cristina  
245 |a La ética en los contenidos mediáticos /  |c Ana Cristina Aristizábal Uribe  
773 |g número28 ( , 2011), páginas 127-135  
999 |c 37383  |d 37383